Mi vida junto a Pablo Neruda
I tiakina i:
| Kaituhi matua: | |
|---|---|
| Hōputu: | Pukapuka |
| Reo: | Pāniora |
| I whakaputaina: |
Santiago
Pehuén
2010
|
| Putanga: | 1a. ed |
| Ngā marau: | |
| Ngā Tūtohu: |
Tāpirihia he Tūtohu
Kāore He Tūtohu, Me noho koe te mea tuatahi ki te tūtohu i tēnei pūkete!
|
MARC
| LEADER | 00000cam a2200000 a 4500 | ||
|---|---|---|---|
| 001 | UCF1864 | ||
| 003 | CL-VaPUC | ||
| 008 | 120727e20101000CL |||||||||||||||||spa|d | ||
| 020 | |a 9789561605091 | ||
| 082 | 0 | 4 | |a Ch863 |b URR |2 21 |
| 100 | 0 | |a Urrutia Cerda, Matilde |e author |9 563386 | |
| 245 | 1 | 0 | |a Mi vida junto a Pablo Neruda |
| 250 | |a 1a. ed | ||
| 300 | |a 264 p | ||
| 942 | |c BK | ||
| 945 | |d 20120727 00:00:00 |a dcastane | ||
| 260 | |a Santiago |b Pehuén |c 2010 | ||
| 650 | 0 | |a Novelas chilenas |9 265425 | |
| 650 | 0 | |a Literatura chilena |9 308278 | |
| 650 | 0 | |a Poetas chilenos |9 326722 | |
| 583 | |a last modification |c 20120801 04:44:49 |k Rodrigo Vera | ||
| 999 | |c 348552 |d 348550 | ||
| 952 | |0 0 |1 0 |4 0 |6 CH_863_000000000000000_URR_2010 |7 0 |8 A |9 450608 |a BIBING |b BIBING |d 2019-11-22 |i 4884175 |l 1 |o Ch863 URR 2010 |p 4884175 |r 2025-01-20 |s 2024-03-15 |w 2019-11-22 |y BK |k CUI | ||